书目信息 |
| 题名: |
GNSS/INS组合系统模型精化及高精度定位测姿
|
|
| 作者: | 甘雨 , 隋立芬 , 肖国锐 著 | |
| 分册: | ||
| 出版信息: | 北京 测绘出版社 2024 |
|
| 页数: | 123页 | |
| 开本: | 24cm | |
| 丛书名: | ||
| 单 册: | ||
| 中图分类: | P228.4 | |
| 科图分类: | ||
| 主题词: | 卫星导航--全球定位系统--研究 | |
| 电子资源: | ||
| ISBN: | 978-7-5030-4485-4 | |
| 000 | 01204nam0 2200277 450 | |
| 001 | 012828782 | |
| 005 | 20240411143347.0 | |
| 010 | @a978-7-5030-4485-4@dCNY58.00 | |
| 100 | @a20240325d2024 em y0chiy0120 ea | |
| 101 | 0 | @achi |
| 102 | @aCN@b110000 | |
| 105 | @ay z 000yy | |
| 106 | @ar | |
| 200 | 1 | @aGNSS/INS组合系统模型精化及高精度定位测姿@9GNSS/INS zu he xi tong mo xing jing hua ji gao jing du ding wei ce zi@dGNSS/INS integrated system model refining, high-precision position and attitude determination@f甘雨,隋立芬,肖国锐著@zeng |
| 210 | @a北京@c测绘出版社@d2024 | |
| 215 | @a123页@d24cm | |
| 330 | @a本书对GNSS/INS组合系统数据处理及GNSS/INS高精度精密定位测姿的理论进行了研究。全书共7章,前3章介绍了卫星定位、惯性导航、卫星与惯性组合系统的基本理论,后4章则介绍了精化组合系统函数模型及随机模型的各种新方法。 | |
| 510 | 1 | @aGNSS/INS integrated system model refining, high-precision position and attitude determination@zeng |
| 586 | @a | |
| 606 | 0 | @a卫星导航@x全球定位系统@x研究 |
| 690 | @aP228.4@v5 | |
| 701 | 0 | @a甘雨@9gan yu@4著 |
| 701 | 0 | @a隋立芬@9sui li fen@4著 |
| 701 | 0 | @a肖国锐@9xiao guo rui@4著 |
| 801 | 0 | @aCN@c20240413 |
| 905 | @dP228.4@eG064@f1@sP228.4/G064@S@Z | |
| GNSS/INS组合系统模型精化及高精度定位测姿=GNSS/INS integrated system model refining, high-precision position and attitude determination/甘雨,隋立芬,肖国锐著.-北京:测绘出版社,2024 |
| 123页;24cm |
| ISBN 978-7-5030-4485-4:CNY58.00 |
| 本书对GNSS/INS组合系统数据处理及GNSS/INS高精度精密定位测姿的理论进行了研究。全书共7章,前3章介绍了卫星定位、惯性导航、卫星与惯性组合系统的基本理论,后4章则介绍了精化组合系统函数模型及随机模型的各种新方法。 |
| ● |
| 相关链接 |
|
|
|
正题名:GNSS/INS组合系统模型精化及高精度定位测姿
索取号:P228.4/G064
 
预约/预借
| 序号 | 登录号 | 条形码 | 馆藏地/架位号 | 状态 | 备注 |
| 1 | 21619089 | 216190896 | 自科库401/401自科库 121排2列4层/ [索取号:P228.4/G064] | 在馆 |